[Event "Leutersdorf Sparkasse op 15th"]
[Site "Leutersdorf"]
[Date "2011.02.19"]
[Round "2"]
[White "Spenke, Daniel"]
[Black "Guenther, Steven"]
[Result "0-1"]
[WhiteElo "1061"]
[BlackElo "1420"]
[PlyCount "118"]
[EventDate "2011.02.18"]
[EventType "swiss"]
[EventRounds "7"]
[EventCountry "GER"]
[SourceTitle "CBM 141 Extra"]
[Source "ChessBase"]
[SourceDate "2011.05.03"]
[SourceVersion "1"]
[SourceVersionDate "2011.05.03"]
[SourceQuality "1"]

1. e4 e5 2. Nf3 Nc6 3. d4 exd4 4. Nxd4 Nge7 5. Nc3 g6 6. Bg5 Bg7 7. Nxc6 Bxc3+ 8. bxc3 bxc6 9. Bc4 0-0 10. Qf3 d5 11. Bh6 dxe4 12. Qxe4 Re8 13. 0-0 Nf5 14. Qf4 Nxh6 15. Qxh6 Be6 16. Bb3 Qf6 17. c4 Rad8 18. Ba4 Bxc4 19. Rfe1 Re7 20. Rad1 Rxe1+ 21. Rxe1 Bxa2 22. h3 Bc4 23. Re4 Qa1+ 24. Kh2 Qxa4 25. Qh4 Rd1 26. Rxc4 Qb5 27. Qg4 Rb1 28. c3 Qe5+ 29. g3 Qf6 30. Kg2 h5 31. Qd7 Qd6 32. Qxc6 Qxc6+ 33. Rxc6 Rb7 34. Kf3 a5 35. Ra6 Rb3 36. Rxa5 Rxc3+ 37. Kf4 Kg7 38. Ra6 c5 39. Ke5 Rc2 40. f4 c4 41. g4 h4 42. f5 g5 43. Ra8 Rf2 44. Rc8 Rf3 45. Rxc4 Rxh3 46. Rc8 Rf3 47. Ke4 Rf4+ 48. Ke5 h3 49. Rc3 Rxg4 50. Rxh3 Rh4 51. Rg3 f6+ 52. Ke6 Re4+ 53. Kd6 Kh6 54. Rh3+ Rh4 55. Re3 g4 56. Re8 Kg5 57. Ke6 g3 58. Rg8+ Kf4 59. Kxf6 Rg4 0-1